000 00341 a2200145 4500
005 20250625064833.0
020 _a9780072977479
082 _a519 BOW
100 _aBROWERMAN,L.
245 _aBusiness Statistics in Practice.
250 _a4th
300 _axxi,881.; table,figure
_bindex
_c27cm.
700 _aO'CONNELL,R.
942 _2ddc
_cBKS
999 _c4923
_d4923